000 00323nam a22001457a 4500
008 230208b ||||| |||| 00| 0 eng d
020 _a9781259570469
041 _aeng
080 _2SECOND EDITION
_a51
082 _a51MIL
100 _a20
101 _aMATEM
245 _aCOLLEGE ALGEBRA
_cMILLER.J
942 _2udc
_cBK
999 _c59333
_d59333